| 000 | 00706nam a2200241Ia 4500 | ||
|---|---|---|---|
| 003 | OSt | ||
| 005 | 20220926013831.0 | ||
| 006 | a|||||r|||| 00| 0 | ||
| 007 | ta | ||
| 008 | 220923b |||||||| |||| 00| 0 eng d | ||
| 020 | _a0471899240 | ||
| 037 | _cGeneral Book | ||
| 040 |
_aRTL _cRTL _beng |
||
| 041 |
_2eng _aeng |
||
| 082 | _aU:(G:55955), P3 | ||
| 100 |
_aCooper John R _9319136 |
||
| 245 | 0 |
_aRadio active releases in the environment _b Impact |
|
| 260 |
_aNew York _bJohn Wiley U S A _c2003 |
||
| 300 |
_axvi,473p. Bib p. 439-58 _ccm. |
||
| 650 |
_aGeography - Environment _9229896 |
||
| 942 |
_hU:(G:55955), P3 _cGB _2CC |
||
| 999 |
_c626993 _d626993 |
||